00314nam a22000977a 4500008004100000082001200041110001300053245010800066260003400174300000800208230620b xxu||||| |||| 00| 0 eng d a323bUN bUNd1993 aHuman Rightsbinternational Instrumentscchart of Ratifications as at 31 january 1993hSupplement No.2A aNew York and GenevabUNc1993 a11p